| 000 | 00706nam a22001577a 4500 | ||
|---|---|---|---|
| 003 | OSt | ||
| 005 | 20151003141002.0 | ||
| 008 | 151003b xxu||||| |||| 00| 0 eng d | ||
| 040 | _cRUA | ||
| 082 | _aAVM MAN 1999 B071 Or.1 | ||
| 100 |
_91897 _aMAN, THY. |
||
| 245 | _aThe supplement of grass and cassava leaves to the brewer's spent grain feed based for goats' fattening, ការបន្ថែមស្មៅនិងស្លឹកដំឡូងនៅលើចំណីអារហារគ្រឹះនៃកាកស្រាបៀរសំរាប់ការរីកធំធាត់របស់ពពែ | ||
| 260 |
_aPhnom Penh _bRUA _c1999 |
||
| 300 |
_a31p. _bill. _c29cm. |
||
| 942 |
_2ddc _cAVM |
||
| 999 |
_c1792 _d1792 |
||